Access to rural land and land administration after violent conflicts

সংরক্ষণ করুন:
গ্রন্থ-পঞ্জীর বিবরন
সংস্থা লেখক: FAO
বিন্যাস: গ্রন্থ
ভাষা:Undetermined
প্রকাশিত: Rome, Italy FAO 2005
বিষয়গুলি:
ট্যাগগুলো: ট্যাগ যুক্ত করুন
কোনো ট্যাগ নেই, প্রথমজন হিসাবে ট্যাগ করুন!
Thư viện lưu trữ: Trung tâm Học liệu Trường Đại học Cần Thơ
LEADER 00535nam a2200181Ia 4500
001 CTU_130441
008 210402s9999 xx 000 0 und d
082 |a 333.32 
082 |b F686/No.8 
110 |a FAO 
245 0 |a Access to rural land and land administration after violent conflicts 
245 0 |c FAO 
260 |a Rome, Italy 
260 |b FAO 
260 |c 2005 
650 |a Land settlement,Land tenure.,Postwar reconstruction. 
650 |x Developing countries. 
980 |a Trung tâm Học liệu Trường Đại học Cần Thơ